Ochrana zemědělského trhu před vnější konkurenci.
Systémová ochrana poľnohospodárskeho trhu v r. 1992. Zásadné opatrenia: zvýšenie colných sadzieb, zavedenie vyrovnávacích dávok pri dovoze vybraných poľnohospodárskych a potravinárskych výrobkov, možnosť obmedzenia dovozu v prípade mimoriadneho ohrozenia vnútorného trhu.
Salvato in:
| Autore principale: | |
|---|---|
| Natura: | Capitolo di libro |
| Lingua: | ceco |
| Soggetti: | |
| Tags: |
Nessun Tag, puoi essere il primo ad aggiungerne!!
|
MARC
| LEADER | 00000naa a2200000 4500 | ||
|---|---|---|---|
| 001 | r012029 | ||
| 005 | 20220831094541.5 | ||
| 041 | 0 | |a cze | |
| 044 | |a SK | ||
| 245 | 1 | 0 | |a Ochrana zemědělského trhu před vnější konkurenci. |c J. Záhorka |
| 520 | |a Systémová ochrana poľnohospodárskeho trhu v r. 1992. Zásadné opatrenia: zvýšenie colných sadzieb, zavedenie vyrovnávacích dávok pri dovoze vybraných poľnohospodárskych a potravinárskych výrobkov, možnosť obmedzenia dovozu v prípade mimoriadneho ohrozenia vnútorného trhu. | ||
| 610 | 2 | 0 | |a trh vnútorný |
| 610 | 2 | 0 | |a výrobky poľnohospodárske |
| 610 | 2 | 0 | |a ochrana colná |
| 610 | 2 | 0 | |a dovoz |
| 610 | 2 | 0 | |a konkurencia |
| 610 | 2 | 0 | |a ČSFR |
| 610 | 2 | 0 | |a 1992 |
| 100 | 1 | |a Záhorka, J. | |